Aligarh muslim university gazette (Record no. 25129)

MARC details
000 -LEADER
fixed length control field 00547nam a22001577a 4500
005 - DATE AND TIME OF LATEST TRANSACTION
control field 20090313112016.0
008 - FIXED-LENGTH DATA ELEMENTS--GENERAL INFORMATION
fixed length control field 090313t xxu||||| |||| 00| 0 eng d
037 ## - SOURCE OF ACQUISITION
Source of stock number/acquisition DPL /PUB
245 ## - TITLE STATEMENT
Title Aligarh muslim university gazette
260 ## - PUBLICATION, DISTRIBUTION, ETC. (IMPRINT)
Place of publication, distribution, etc Aligarh
Name of publisher, distributor, etc Publication Division, Aligarh Muslim University
Date of publication, distribution, etc 2008-
300 ## - PHYSICAL DESCRIPTION
Extent v.
Dimensions 30 cm
310 ## - CURRENT PUBLICATION FREQUENCY
Current publication frequency monthly
270 ## - ADDRESS
City Aligarh
Postal code 202002
Telephone number 571-2700930
Fax number 571-270-0920
Electronic mail address amugazette@yahoo.com
942 ## - ADDED ENTRY ELEMENTS (KOHA)
Source of classification or shelving scheme Dewey Decimal Classification
Item type Periodicals
Serial record 1
Holdings
Withdrawn status Lost status Source of classification or shelving scheme Damaged status Not for loan Collection code Home library Current library Date acquired Total Checkouts Date last seen Price effective from Koha item type
    Dewey Decimal Classification   Not For Loan Non-fiction D.B.Act.Division D.B.Act.Division 13/03/2009   13/03/2009 13/03/2009 Periodicals

© Delhi Public Library
Hit Counter
free hit counter